[Event "19th Open"]
[Site "Faaker-See AUT"]
[Date "2003.08.14"]
[Round "7"]
[White "Praznik,N"]
[Black "Tokmachev,M"]
[Result "1-0"]
[WhiteElo "2277"]
[BlackElo "2285"]

1.e4 c5 2.c3 Nf6 3.e5 Nd5 4.Nf3 Nc6 5.Na3 a6 6.d4 cxd4 7.cxd4 e6 8.Bd3 d6
9.O-O h6 10.Qe2 b5 11.Bd2 Bb7 12.Nc2 Be7 13.h3 Qd7 14.Rad1 O-O 15.Rfe1 Rae8
16.Qe4 f5 17.exf6 Rxf6 18.Qh7+ Kf7 19.Nh4 Rg8 20.Bg6+ Rxg6 21.Qxg6+ Kf8 22.Qh5 Nf6
23.Ng6+ Ke8 24.Qe2 Kf7 25.Nf4 Nd8 26.Ne3 g5 27.Nh5 Qc6 28.Nxf6 Bxf6 29.Qh5+ Rg6
30.Ba5 Qe4 31.f3 Qf4 32.Bxd8 Bxd8 33.Qg4 Bb6 34.Kh1 h5 35.Qxf4+ gxf4 36.Nc2 Rg5
37.Re2 a5 38.Na3 Rd5 39.Red2 h4 40.Nc2 b4 41.b3 Rb5 42.Rd3 Ba6 43.R3d2 Bb7
44.Rb1 Bd5 45.Rd3 e5 46.dxe5 dxe5 47.Rd2 Ke6 48.Ne1 Rc5 49.Rbd1 Rb5 50.Nd3 Be3
51.Rc2 e4 52.Ne1 Rc5 53.Rxc5 Bxc5 54.fxe4 Bxe4 55.Nf3 Bf2 56.Rf1 Bg3 57.Ng5+ Kf5
58.Nxe4 Kxe4 59.Kg1 Ke3 60.Rc1 f3 61.Rc8 f2+ 62.Kf1 Kd3 63.Rc5 Kd4 64.Rxa5 Kc3
65.Ra4 Kb2 66.Rxb4 Kxa2 67.Rb7 Ka3 68.Rf7 Kxb3 69.Rxf2 Kc3 70.Rf3+ Kd4 71.Ke2 Ke4
72.Ra3  1-0

[Event "Jezero Open"]
[Site "Belgrade YUG"]
[Date "2003.08.15"]
[Round "2"]
[White "Vujosevic,D"]
[Black "Divljan,I"]
[Result "0-1"]
[WhiteElo "2128"]
[BlackElo "2272"]

1.e4 c5 2.c3 Nf6 3.e5 Nd5 4.d4 cxd4 5.cxd4 e6 6.Nc3 Nxc3 7.bxc3 d6 8.f4 Qc7
9.Bd2 Bd7 10.Nf3 Bc6 11.Bd3 Nd7 12.O-O Be7 13.Qe1 O-O-O 14.a4 h6 15.a5 g5
16.exd6 Bxd6 17.Ne5 Nxe5 18.fxe5 Bxe5 19.g3 Qd6 20.Bc4 Bxd4+ 21.Be3 Bxe3+
22.Qxe3 Qd2 23.Qxd2 Rxd2 24.Rxf7 Rg2+ 25.Kf1 Rxh2 26.Bxe6+ Kb8 27.Ra2 Rxa2
28.Bxa2 h5 29.Rg7 g4 30.Rg8+ Rxg8 31.Bxg8 Be8 32.Ke2 Kc7 33.Bd5 b6 34.axb6+ Kxb6
35.Ke3 Kc5 36.Be6 a5 37.Kd2 a4 38.Kc2 Kd6 39.Bf5 Ke5 40.Bd3 Bc6 41.Kb2 Kf6
42.Ka3 Kg5 43.Be2 Bf3 44.Bd3 h4 45.gxh4+ Kxh4 46.Kxa4 g3 47.Bf1 Bc6+ 48.Kb4 Kg4
49.Kc5 Be4 50.Kd4 Kf3 51.Bh3 Bb7 52.c4 Kf2 53.c5 Bc8 54.Bxc8 g2 55.c6 g1=Q
56.Kc5 Qg8 57.Bd7 Qb8 58.Kd5 Ke3 59.Ke6 Kd4 60.Ke7 Kc5 61.Ke6 Kb6 62.Kd5 Kc7
63.Ke6 Qf8 64.Kd5 Qd6+ 65.Ke4 Qc5 66.Kf4 Qd5 67.Kg4 Qe5 68.Kh4 Qg7 69.Kh5 Kd6
70.Kh4 Ke5 71.Kh3 Kf4  0-1

[Event "19th Open"]
[Site "Faaker-See AUT"]
[Date "2003.08.16"]
[Round "9"]
[White "Jeric,S"]
[Black "Tokmachev,G"]
[Result "0-1"]
[WhiteElo "2316"]
[BlackElo "2229"]

1.e4 c5 2.c3 Nf6 3.e5 Nd5 4.d4 cxd4 5.Nf3 Nc6 6.Bc4 Nb6 7.Bb3 d5 8.exd6 Qxd6
9.Na3 dxc3 10.Qe2 cxb2 11.Bxb2 Qb4+ 12.Kf1 Bf5 13.Nb5 O-O-O 14.Ne5 Rd2 15.Nxc6 bxc6
16.Nxa7+ Kb7 17.Qe5 e6 18.Nxc6 Kxc6 19.Bc3 Qd6 20.Qa5 Rxf2+ 21.Kxf2 Qf4+
22.Ke2 Bc5 23.Raf1 Qe4+ 24.Kd1 Rd8+ 25.Bd2 Qb1+ 26.Ke2 Bd3+ 27.Kf3 Bxf1 28.Ba4+ Nxa4
29.Qxd8 Qd1+ 30.Kg3 Bd6+ 31.Kh4 Qxd2 32.Qa8+ Kb5 33.Rxf1 Qh6+ 34.Kg4 f5+
35.Kf3 Qh5+ 36.Ke3 Bc5+ 37.Kd2 Qg5+ 38.Kc2 Nb6 39.Rb1+ Kc4 40.Rb3 Qg4 41.Rc3+ Kb5
42.Qe8+ Ka6 43.Rxc5 Qxg2+ 44.Kb3 Qf3+ 45.Kb2 Qf2+ 46.Rc2 Qd4+ 47.Kb3 e5 48.Qc6 e4
49.a4 e3 50.Qb5+ Kb7 51.Qc6+ Ka7 52.a5 Qd5+ 53.Kb4 Qxc6 54.Rxc6 Nd5+ 55.Kc5 f4
56.Rd6 e2  0-1

[Event "Independence Cup"]
[Site "Kyiv UKR"]
[Date "2003.08.16"]
[Round "4"]
[White "Demkovich,A"]
[Black "Stopkin,V"]
[Result "1/2-1/2"]
[WhiteElo "2422"]
[BlackElo "2245"]

1.e4 c5 2.c3 Nf6 3.e5 Nd5 4.g3 d6 5.exd6 e6 6.Bg2 Bxd6 7.Nf3 Nc6 8.O-O O-O
9.d4 cxd4 10.Nxd4 Nxd4 11.Qxd4 Qc7 12.Qg4 e5 13.Qe2 Be6 14.Rd1 Ne7 15.b3 Rad8
16.Bb2 Nc6 17.Na3 Be7 18.Nc4 f6 19.Ne3 Bc5 20.Qb5 Bxe3 21.fxe3 Rxd1+ 22.Rxd1 Rd8
23.Qe2 Qa5 24.Rxd8+ Nxd8 25.Qd2 Kf7 26.Bc1 Nc6 27.c4 Qc5 28.Bb2 a5 29.Kf2 b6
30.Bc3 Ne7 31.Be4 Bf5 32.Bf3 Qc7 33.Bb2 Qc5 34.Bc3 Qc7 35.e4 Be6 36.Qe3 Nc6
37.Bh5+ Ke7 38.Qd2 g6 39.Be2 Kf7 40.h4 Kg7 41.a3 Ne7 42.g4 Qc5+ 43.Qe3 Qc7
44.g5 fxg5 45.hxg5 Nc6 46.b4 axb4 47.axb4 Qf7+ 48.Ke1 Bxc4 49.b5 Bxe2 50.Qxe2 Nd4
51.Bxd4 exd4 52.Qh2 Qc4 53.Qe5+ Kf7 54.Qf6+ Kg8 55.Qd8+ Kf7 56.Qd7+ Kf8 57.Qd6+ Kf7
58.Qf6+ Kg8  1/2-1/2

[Event "Independence Cup"]
[Site "Kyiv UKR"]
[Date "2003.08.16"]
[Round "4"]
[White "Solomaha,A"]
[Black "Ostrovskiy,A"]
[Result "1/2-1/2"]
[WhiteElo "2376"]
[BlackElo "2077"]

1.e4 c5 2.c3 Nf6 3.e5 Nd5 4.Nf3 Nc6 5.d4 cxd4 6.cxd4 d6 7.Bc4 Nb6 8.Bb5 dxe5
9.Nxe5 Bd7 10.Nxd7 Qxd7 11.O-O e6 12.Nc3 Be7 13.Qg4 Bf6 14.Rd1 h5 15.Qf3 Nd5
16.Ne4 a6 17.Bxc6 bxc6 18.Bf4 Be7 19.Rac1 Rc8 20.b3 h4 21.h3 Nxf4 22.Qxf4 Rh5
23.Qg4 g6 24.Rc4 Rd5 25.Nc3 Rf5 26.Rc1 Rc7 27.Qe4 Kd8 28.Ne2 Rd5 29.Nf4 Rd6
30.Nd3 f5 31.Qe3 Bf6 32.Ne5 Bxe5 33.dxe5 Rd5 34.Rxh4 Qg7 35.Rd4 Kc8 36.Rxd5 cxd5
37.f4 Kb7 38.Kh2 Qd7 39.g4 Rxc1 40.Qxc1 d4 41.gxf5 gxf5 42.Qd2 d3 43.Kg3 Qd4
44.Kf3 Kc6 45.h4 Qe4+ 46.Kf2 Qd4+ 47.Kf1 Qe4 48.h5 Qf3+ 49.Ke1 Qg3+ 50.Kd1 Qg1+
51.Qe1 Qg4+ 52.Kd2 Qxf4+ 53.Kxd3 Qf3+ 54.Kd4 Qg4+ 55.Kd3 Qxh5 56.Qc3+ Kd7
57.Qd4+ Ke8 58.Qa4+ Kd8 59.Qa5+ Ke8 60.Qa4+ Kd8 61.Qxa6 Qd1+ 62.Ke3 Qc1+  1/2-1/2

[Event "9th Open"]
[Site "Pilsen-Lobzy CZE"]
[Date "2003.08.16"]
[Round "1"]
[White "Blazkova,P"]
[Black "Maupin,JP"]
[Result "0-1"]
[WhiteElo "2222"]
[BlackElo "2040"]

1.e4 c5 2.c3 Nf6 3.e5 Nd5 4.d4 cxd4 5.Nf3 e6 6.cxd4 d6 7.Bc4 Nb6 8.Bd3 dxe5
9.Nxe5 Nc6 10.Nxc6 bxc6 11.O-O Be7 12.Qg4 Bf6 13.Nc3 Qxd4 14.Be4 Nd5 15.Be3 Nxe3
16.fxe3 Qxe3+ 17.Kh1 Bd7 18.Nb5 Rb8 19.Nd6+ Ke7 20.Rae1 h5 21.Qd1 Qc5 22.Nxf7 Rhf8
23.Rf5 e5 24.Nxe5 Bxf5 25.Bxf5 Rfd8 26.Nxc6+ Kf8 27.Qxh5 Qc4 28.Bg6 Qd5 29.Qh3 Rxb2
30.Qa3+ Kg8  0-1

[Event "II American Continental"]
[Site "Buenos Aires ARG"]
[Date "2003.08.17"]
[Round "1"]
[White "Dorin,M"]
[Black "Manzone,A"]
[Result "0-1"]
[WhiteElo "2395"]
[BlackElo "2119"]

1.e4 c5 2.c3 Nf6 3.e5 Nd5 4.d4 cxd4 5.Nf3 e6 6.cxd4 b6 7.Nc3 Nxc3 8.bxc3 Qc7
9.Bd2 Bb7 10.Bd3 Nc6 11.Qe2 Be7 12.O-O d6 13.c4 dxe5 14.d5 Nb4 15.Bxb4 Bxb4
16.Rab1 Bc5 17.Nxe5 Qe7 18.Rfe1 O-O-O 19.dxe6 fxe6 20.Be4 Rhf8 21.Nf3 Rde8
22.Bxb7+ Qxb7 23.Qe5 Re7 24.Re2 Rf5 25.Qe4 g5 26.h3 h5 27.Rbe1 g4 28.hxg4 hxg4
29.Nd4 Qxe4 30.Rxe4 g3 31.R1e3 Rd7 32.Rd3 gxf2+ 33.Kf1 e5  0-1

[Event "9th Open"]
[Site "Pilsen-Lobzy CZE"]
[Date "2003.08.17"]
[Round "2"]
[White "Lechtynsky,J"]
[Black "Hodova,L"]
[Result "1-0"]
[WhiteElo "2431"]
[BlackElo "2059"]

1.e4 c5 2.c3 Nf6 3.e5 Nd5 4.d4 cxd4 5.Qxd4 e6 6.Nf3 Nc6 7.Qe4 d6 8.Nbd2 dxe5
9.Nxe5 Qc7 10.Ndf3 Be7 11.Bc4 Nf6 12.Qe2 O-O 13.O-O b6 14.Bg5 Bb7 15.Rfe1 Nxe5
16.Nxe5 Nd5 17.Bxe7 Qxe7 18.Qg4 Rad8 19.Rad1 Nf6 20.Qe2 Rd6 21.Rxd6 Qxd6
22.Rd1 Qc7 23.Nxf7 Rxf7 24.Qxe6 Bc6 25.Rd4 Kf8 26.Rd8+ Ne8 27.Rc8  1-0

[Event "15th Vidmar mem"]
[Site "Terme Zrece SLO"]
[Date "2003.08.18"]
[Round "1"]
[White "Pavasovic,D"]
[Black "Halkias,S"]
[Result "1-0"]
[WhiteElo "2596"]
[BlackElo "2560"]

1.e4 c5 2.c3 Nf6 3.e5 Nd5 4.d4 cxd4 5.Nf3 Nc6 6.cxd4 d6 7.Bc4 Nb6 8.Bb3 dxe5
9.d5 Na5 10.Nc3 Nxb3 11.Qxb3 e6 12.Nxe5 exd5 13.Be3 Bd6 14.Qb5+ Kf8 15.Nf3 Bd7
16.Qb3 Be6 17.Nd4 Kg8 18.O-O Rc8 19.Rfe1 Qd7 20.Ncb5 Bb8 21.Nxe6 Qxe6 22.Bxb6 Qxb6
23.Qxd5 Qc6 24.Qxc6 bxc6 25.Rac1 g6 26.Re7 Kg7 27.Nxa7 Bxa7 28.Rxa7 Rhe8
29.Kf1 Rcd8 30.Re1 Rf8 31.g3 Rd2 32.Re2 Rfd8 33.Ree7 Rf8 34.b3 Kh6 35.h4 g5
36.hxg5+ Kxg5 37.Rec7 h5 38.Rxc6 h4 39.gxh4+ Kxh4 40.Rf6 Kg5 41.Rfxf7 Rxf7
42.Rxf7 Rxa2 43.Rf3 Rb2 44.Rd3 Kf4 45.f3 Ra2 46.Ke1 Ke5 47.Kd1 Rb2 48.Kc1 Rh2
49.Kb1 Ke6 50.b4 Rh4 51.Rb3 Kd6 52.b5 Kc7 53.Kc2 Rd4 54.Kc3 Rd6 55.b6+ Kb7
56.Kc4 Rd1 57.Kc5 Rd2 58.f4 Rf2 59.Rb4 Rd2 60.Rd4 Rc2+ 61.Kd6 Kxb6 62.Rb4+ Ka5
63.Rb8 Rf2 64.Ke5  1-0

[Event "Open"]
[Site "Vienna AUT"]
[Date "2003.08.18"]
[Round "3"]
[White "Hofbauer,M"]
[Black "Franic,M"]
[Result "0-1"]
[WhiteElo "2269"]
[BlackElo "2430"]

1.e4 c5 2.c3 Nf6 3.e5 Nd5 4.d4 cxd4 5.Nf3 e6 6.cxd4 b6 7.Bc4 Bb7 8.Bxd5 Bxd5
9.Nc3 Bb4 10.O-O Bxc3 11.bxc3 Nc6 12.Nd2 Na5 13.Qg4 O-O 14.c4 Bb7 15.Nb3 f5
16.exf6 Rxf6 17.Nxa5 bxa5 18.d5 exd5 19.c5 Rg6 20.Qd4 d6 21.cxd6 Qxd6 22.Rb1 Qd7
23.Re1 Bc6 24.f3 Qh3 25.Rb2 Qxf3 26.Rf2 Qg4 27.Qxg4 Rxg4 28.Rf4 Rxf4 29.Bxf4 d4
30.Re6 Bb5 31.Rd6 d3 32.a4 Bxa4 33.Rxd3 Bb5 34.Rc3 Rf8 35.g3 a6 36.Rc7 Rf5
37.Bc1 h5 38.Bb2 g5 39.h3 Kf8 40.Ba3+ Ke8 41.Rc5 Rf1+ 42.Kg2 Ra1 43.Bc1 g4
44.hxg4 hxg4 45.Kf2 a4 46.Rc3 Kd7 47.Ke3 Ra2 48.Kd4 Re2 49.Kd5 Re1 50.Bf4 Rd1+
51.Ke5 Bc6 52.Kf5 Bf3 53.Rc7+ Kd8 54.Rc3 Rb1 55.Ke6 Rb6+ 56.Bd6 Bc6 57.Bc5 Bd7+
58.Kd5 Rg6 59.Ba3 Bb5 60.Ke5 Rh6 61.Kf5 Bd7+ 62.Ke5 Rh5+ 63.Kd4 Rf5 64.Ke4 Rb5
65.Kd4 Be6 66.Rc5 Rb3 67.Rc3 Rb1 68.Ke5 Bd7 69.Kd5 Rd1+ 70.Ke5 Ke8 71.Kf6 Rd5
72.Bc1 Rf5+ 73.Kg6 Rf3 74.Bb2 Ke7 75.Kg5 Kd6 76.Rc1 a3 77.Rd1+ Kc6 78.Be5 Rf5+  0-1

[Event "Open"]
[Site "Vienna AUT"]
[Date "2003.08.18"]
[Round "3"]
[White "Robitsch,H"]
[Black "Srienz,C"]
[Result "0-1"]
[WhiteElo "2074"]
[BlackElo "2177"]

1.e4 c5 2.c3 Nf6 3.e5 Nd5 4.Nf3 d6 5.d4 dxe5 6.dxe5 Nc6 7.Bb5 Bg4 8.Qa4 Bd7
9.e6 fxe6 10.Ng5 Qb6 11.Na3 h6 12.Qh4 Rg8 13.Nf3 O-O-O 14.O-O g5 15.Qe4 Bg7
16.Bxc6 Qxc6 17.Ne5 Bxe5 18.Qxe5 Nf4 19.Bxf4 gxf4 20.f3 Rdf8 21.b4 Rf5 22.Qe2 Rfg5
23.Rf2 e5 24.Nc4 Qe6 25.Re1 Bb5 26.Nd6+ exd6 27.Qxb5 Qh3 28.Qf1 Rh5 29.g4 fxg3
30.Qxh3+ Rxh3 31.hxg3 Rgxg3+ 32.Rg2 cxb4 33.Rxg3 Rxg3+ 34.Kf2 Rh3 35.cxb4 Rh2+
36.Kg3 Rxa2 37.Rh1 Ra4 38.Rxh6 Kc7 39.Rh7+ Kc6 40.b5+ Kb6 41.Rd7 Rd4 42.Kf2 a5
43.bxa6 bxa6 44.Ke3 Kc5 45.Ra7 Ra4 46.Ra8 Kd5  0-1

[Event "15th Vidmar mem"]
[Site "Terme Zrece SLO"]
[Date "2003.08.19"]
[Round "2"]
[White "Sermek,D"]
[Black "Borisek,J"]
[Result "1/2-1/2"]
[WhiteElo "2577"]
[BlackElo "2443"]

1.e4 c5 2.c3 Nf6 3.e5 Nd5 4.Nf3 Nc6 5.d4 cxd4 6.cxd4 d6 7.Bc4 dxe5 8.Bxd5 Qxd5
9.Nc3 Qd6 10.d5 Nd4 11.Nxd4 exd4 12.Qxd4 e5 13.Qd3 Bd7 14.O-O f5 15.Re1 Kf7
16.a4 a6 17.b3 e4 18.Qh3 Rc8 19.Bb2 Be7 20.Ba3 Qh6 21.Qxh6 gxh6 22.Ne2 Bxa3
23.Rxa3 Rc2 24.Raa1 Rhc8 25.Rad1 Rb2 26.Nd4 Kf6 27.h3 Rc5 28.g4 Rxd5 29.Nxf5 Rxd1
30.Rxd1 Be6 31.Rd6 Ke5 32.Rb6 Bd5 33.Ne3 Rb1+ 34.Kg2 Bc6 35.Rb4 b5 36.axb5 axb5
37.Kg3 Rc1 38.Nf5 Rc3+ 39.Kh4 Bd7 40.Ng3 Bc6 41.Nf5 Rd3 42.Ne7 Bd7 43.Nf5 Rf3
44.Nd4 Rxf2 45.Nxb5 e3 46.Nc3 Bc6 47.Rc4 Bg2 48.Kg3 Ba8 49.Rc8 Rg2+ 50.Kh4 Bf3
51.Re8+ Kd4 52.Nb5+ Kd3 53.Rd8+ Ke2 54.Nd4+ Kf2 55.Rf8 Rg3 56.Nc2 e2 57.Ne1 Kxe1
58.Kxg3 Bd5 59.Rd8 Bxb3 60.Kg2 Bc2 61.h4 Be4+ 62.Kg1 h5 63.gxh5 Bc2 64.Rd4 Bb1  1/2-1/2

[Event "ADCF Masters"]
[Site "Abu Dhabi UAE"]
[Date "2003.08.20"]
[Round "5"]
[White "Ghaem Maghami,E"]
[Black "Abdelnabbi,I"]
[Result "0-1"]
[WhiteElo "2544"]
[BlackElo "2455"]

1.e4 c5 2.c3 Nf6 3.e5 Nd5 4.d4 cxd4 5.Nf3 Nc6 6.Bc4 Nb6 7.Bb3 d5 8.exd6 Qxd6
9.O-O Be6 10.Bxe6 Qxe6 11.Nxd4 Nxd4 12.Qxd4 Rd8 13.Qh4 Qe2 14.Bd2 h5 15.h3 Rxd2
16.Nxd2 Qxd2 17.Rad1 Qh6 18.Qg3 Qc6 19.Qb8+ Nc8 20.b4 e6 21.b5 Qc5 22.Qxb7 Bd6
23.Rfe1 O-O 24.Qc6 Qa3 25.c4 Bb4 26.Re2 Ne7 27.Qa6 Qxa6 28.bxa6 Rc8 29.Rd7 Bc5
30.Rb2 Rc6 31.Rb8+ Kh7 32.Rbb7 Rxa6 33.Rbc7 Nc6 34.Rxf7 Bd4 35.Rfd7 Be5 36.Rc8 Rxa2
37.f4 Nb8 38.Rf7 Bd4+ 39.Kf1 Na6 40.Rd8 Bb6 41.Rd6 Nc5 42.g4 hxg4 43.hxg4 Kg8  0-1

[Event "Open"]
[Site "Porto San Giorgo ITA"]
[Date "2003.08.21"]
[Round "1"]
[White "Fischer,A"]
[Black "Jones,G"]
[Result "0-1"]
[WhiteElo "2142"]
[BlackElo "2347"]

1.e4 c5 2.c3 Nf6 3.e5 Nd5 4.d4 cxd4 5.Qxd4 e6 6.Bc4 Nc6 7.Qe4 Nb6 8.Bb3 d5
9.exd6 Bxd6 10.Nf3 Qc7 11.O-O Bd7 12.Na3 Na5 13.h3 Nxb3 14.axb3 a6 15.Re1 Bc6
16.Qe2 O-O 17.Be3 Nd5 18.Bd4 Nf4 19.Qe3 b5 20.Rad1 Nd5 21.Qe2 Rad8 22.Ne5 Bb7
23.Nf3 Nf4 24.Qe3 Qc6 25.Nb1 Nxh3+ 26.gxh3 Qxf3 27.Qxf3 Bxf3 28.Rd3 Bc6 29.Bb6 Bh2+  0-1

[Event "14th Sommerpokal"]
[Site "Recklinghausen GER"]
[Date "2003.08.21"]
[Round "4"]
[White "Becker,P"]
[Black "Parado,D"]
[Result "1-0"]
[WhiteElo "1964"]
[BlackElo "2089"]

1.e4 c5 2.c3 Nf6 3.e5 Nd5 4.d4 cxd4 5.cxd4 d6 6.exd6 Qxd6 7.Nf3 g6 8.Be2 Bg7
9.O-O O-O 10.Nc3 Nc6 11.Qd2 a6 12.Rd1 Bf5 13.Nxd5 Qxd5 14.Qf4 Rad8 15.Be3 Nb4
16.g4 Be4 17.Ng5 f5 18.Rac1 b5 19.Rc5 Qxa2 20.gxf5 Bxf5 21.Qh4 h6 22.Nf3 g5
23.Qg3 Rd6 24.Ne5 Nd5 25.Nc6 Rxc6 26.Rxc6 Nxe3 27.Qxe3 e6 28.d5 exd5 29.Bf3 d4
30.Rxd4 Qxb2 31.Rdd6 Kh7 32.Qe7 Qb1+ 33.Rd1 Qb2 34.Rc7 g4 35.Qxf8  1-0

[Event "ADCF Masters"]
[Site "Abu Dhabi UAE"]
[Date "2003.08.22"]
[Round "6"]
[White "Ibrahim,I UAE"]
[Black "Paridar,S"]
[Result "0-1"]
[WhiteElo "2052"]
[BlackElo "2250"]

1.e4 c5 2.c3 Nf6 3.e5 Nd5 4.d4 cxd4 5.Nf3 e6 6.cxd4 d6 7.Be2 Nd7 8.O-O Be7
9.Re1 O-O 10.Nbd2 a6 11.Nc4 dxe5 12.Ncxe5 Nxe5 13.Nxe5 Qd6 14.Bd3 Bf6 15.Qf3 Nb4
16.Bb1 Qxd4 17.Ng4 Nd5 18.Rd1 Qb6 19.Qe4 g6 20.Nxf6+ Nxf6 21.Qe5 Qxf2+ 22.Kh1 Ng4
23.Qd6 Qa7 24.Rd4 e5  0-1

[Event "XI Open A"]
[Site "Mislata ESP"]
[Date "2003.08.22"]
[Round "4"]
[White "Garcia Fernandez,C"]
[Black "Alonso Moyano,J"]
[Result "1-0"]
[WhiteElo "2381"]
[BlackElo "2281"]

1.e4 c5 2.c3 Nf6 3.e5 Nd5 4.Nf3 d6 5.d4 Nc6 6.Bc4 dxe5 7.dxe5 Nb6 8.Qxd8+ Nxd8
9.Bb5+ Bd7 10.a4 a6 11.Bxd7+ Nxd7 12.Nbd2 b6 13.O-O Ne6 14.Nc4 O-O-O 15.Be3 Kb7
16.b4 Kc6 17.Rfb1 Rb8 18.b5+ axb5 19.axb5+ Kc7 20.Rd1 Rb7 21.Ra8 h6 22.h4 Nb8
23.h5 Kc8 24.Ra2 Rg8 25.Nh4 Nc7 26.Rad2 Nxb5 27.Rd8+ Kc7 28.e6 fxe6 29.Ng6 Nd6
30.Nxd6 exd6 31.Rxf8 Rxf8 32.Nxf8 e5 33.f4 Kc6 34.fxe5 dxe5 35.Ng6 Nd7 36.c4 b5
37.Ne7+ Kc7 38.cxb5 Rxb5 39.Nf5 Rb3 40.Re1 c4 41.Rc1 Nf6 42.Rxc4+ Kd7 43.Rh4 Nxh5
44.Bxh6 g6 45.Ne3 Ke6 46.Ra4 Nf4 47.Ra6+ Kf7 48.Ng4 Rb1+ 49.Kh2  1-0

[Event "ADCF Masters"]
[Site "Abu Dhabi UAE"]
[Date "2003.08.23"]
[Round "7"]
[White "Paridar,S"]
[Black "Molina,T"]
[Result "1-0"]
[WhiteElo "2250"]
[BlackElo "2264"]

1.e4 c5 2.c3 Nf6 3.e5 Nd5 4.d4 cxd4 5.Nf3 Nc6 6.Bc4 Nb6 7.Bb3 d5 8.exd6 Qxd6
9.O-O Be6 10.Bxe6 Qxe6 11.Nxd4 Nxd4 12.Qxd4 Rd8 13.Qh4 Qe2 14.Be3 Qxb2 15.Nd2 Rxd2
16.Bxd2 Qxd2 17.Rfd1 Qh6 18.Qg3 Qc6 19.Rab1 Nd7 20.Rd3 f6 21.Rbd1 Ne5 22.Rd8+ Kf7
23.f4 Qb6+ 24.Kh1 Nc6 25.Rc8 Qb5 26.Qh3 g6 27.Re1 Qc4 28.Qd7 Qxf4 29.Qxb7 Qf2
30.Rd1 Qc2 31.Qb3+ Qxb3 32.axb3 Na5 33.b4 Nb3 34.Rdd8 f5 35.c4 e5 36.c5 Nd4
37.c6 Nb5 38.Rb8 a6 39.Rxb5  1-0

[Event "Independence Cup"]
[Site "Kyiv UKR"]
[Date "2003.08.23"]
[Round "11"]
[White "Demkovich,A"]
[Black "Ostrovskiy,A"]
[Result "0-1"]
[WhiteElo "2422"]
[BlackElo "2077"]

1.e4 c5 2.c3 Nf6 3.e5 Nd5 4.g3 Nc6 5.Bg2 Qc7 6.f4 e6 7.Qe2 a6 8.Nf3 d6 9.O-O dxe5
10.Nxe5 Nxe5 11.fxe5 Be7 12.d3 O-O 13.Nd2 Bd7 14.Be4 Bc6 15.Qg4 Ne3 16.Qh3 Bxe4
17.Nxe4 Nxf1 18.Bf4 Qd8 19.Qxf1 Qd5 20.Qe2 Rad8 21.Rd1 f5 22.exf6 Bxf6 23.c4 Bd4+
24.Kg2 Qc6 25.b3 Rf5 26.Qg4 Rdf8 27.Qe2 b6 28.h4 a5 29.a4 e5 30.Be3 Bxe3
31.Qxe3 Qg6 32.Rd2 h6 33.Qe2 Rd8 34.Qe3 Rd4 35.Re2 Qf7 36.Re1 Qd7 37.Rd1 Rf8
38.Nc3 Qc6+ 39.Kh3 Qe6+ 40.Kh2 Qg4 41.Kg2 e4 42.Rd2 Rf3 43.Qe1 Rdxd3 44.Ne2 Rfe3
45.Rb2 Qf3+ 46.Kh3 Rxb3 47.Rd2 Red3 48.Ra2 Qf7 49.Rc2 Qd7+ 50.Kh2 Rd1 51.Qf2 Rf3
52.Qg2 Rd2 53.Rxd2 Qxd2 54.g4 Re3 55.Ng3 Qxg2+ 56.Kxg2 Rc3 57.Nf5 Rxc4 58.Kg3 e3
59.Nxe3 Rxa4 60.Nd5 Rb4  0-1

[Event "TCh-BIH"]
[Site "Neum BIH"]
[Date "2003.08.23"]
[Round "1"]
[White "Miricanac,Ad"]
[Black "Horvath,Ad"]
[Result "0-1"]
[WhiteElo "2166"]
[BlackElo "2503"]

1.e4 c5 2.c3 Nf6 3.e5 Nd5 4.d4 cxd4 5.Qxd4 e6 6.Nf3 Nc6 7.Qe4 f5 8.exf6 Nxf6
9.Qc2 d5 10.Bg5 Bd6 11.Bd3 e5 12.Bxh7 e4 13.Bg6+ Kf8 14.Nd4 Ne7 15.Bxf6 gxf6
16.Bxe4 dxe4 17.Qxe4 Be5 18.Nf3 Qd5 19.Nbd2 Bf5 20.Qxd5 Nxd5 21.Nxe5 fxe5
22.O-O Nf4 23.Rfe1 Rg8 24.g3 Nd3 25.Re3 Kg7 26.Nc4 Rad8 27.a4 Kf6 28.f3 Rd5
29.b3 Rg7 30.Kh1 Rgd7 31.h4 Be6 32.g4 Rc5 33.Kh2 Bxc4 34.bxc4 Nf4 35.Rae1 Rd2+
36.Kh1 Ng2 37.R3e2 Rxe2 38.Rxe2 Nxh4 39.Kh2 Nxf3+ 40.Kg3 Ng5 41.Rf2+ Kg6
42.Rb2 b6 43.Re2 Rxc4 44.Rxe5 Rxc3+  0-1

[Event "9th Open"]
[Site "Pilsen-Lobzy CZE"]
[Date "2003.08.23"]
[Round "8"]
[White "Priborsky,J"]
[Black "Sikora Lerch,J"]
[Result "1/2-1/2"]
[WhiteElo "2181"]
[BlackElo "2324"]

1.e4 c5 2.c3 Nf6 3.e5 Nd5 4.d4 e6 5.Nf3 d6 6.Bc4 Nb6 7.Bd3 Nc6 8.dxc5 dxc5
9.O-O h6 10.Qe2 g5 11.Na3 Nd5 12.Rd1 Bd7 13.Be4 g4 14.Ne1 Qh4 15.Bxd5 exd5
16.Rxd5 Be6 17.Rd1 a6 18.Bf4 Qh5 19.Nc4 Qf5 20.g3 h5 21.Nb6 Rd8 22.Rxd8+ Kxd8
23.Rd1+ Kc7 24.Nd5+ Kc8 25.Nb6+ Kc7 26.Nd5+ Kc8 27.Nb6+  1/2-1/2

[Event "14th Sommerpokal"]
[Site "Recklinghausen GER"]
[Date "2003.08.23"]
[Round "6"]
[White "Trzaska,P"]
[Black "Orth,R"]
[Result "1-0"]
[WhiteElo "2188"]
[BlackElo "2072"]

1.e4 c5 2.c3 Nf6 3.e5 Nd5 4.d4 cxd4 5.Qxd4 e6 6.Bc4 Nc6 7.Qe4 Nb6 8.Bb3 d5
9.exd6 Bxd6 10.Nf3 Qc7 11.Be3 Bd7 12.Nbd2 f5 13.Bxb6 axb6 14.Qe2 O-O-O 15.Ng5 Rde8
16.Nf7 Rhf8 17.Nxd6+ Qxd6 18.Nc4 Qc5 19.O-O-O Re7 20.Rhe1 Kb8 21.Ne5 Bc8
22.f4 Rfe8 23.Ba4 Rc7 24.Kb1 Ree7 25.Bxc6 bxc6 26.Rd8 Ka7 27.Red1 b5 28.Qd2 Qb6
29.Qd6 c5 30.Qxe7 Rxe7 31.Rxc8 Rc7 32.Rxc7+ Qxc7 33.Rd7 Kb6 34.Rxc7 Kxc7
35.Kc2 Kd6 36.c4 bxc4 37.Nxc4+ Kd5 38.Kd3  1-0

[Event "23rd Open"]
[Site "Bratto ITA"]
[Date "2003.08.24"]
[Round "4"]
[White "Bellia,F"]
[Black "Lalic,B"]
[Result "0-1"]
[WhiteElo "2397"]
[BlackElo "2503"]

1.e4 c5 2.c3 Nf6 3.e5 Nd5 4.d4 cxd4 5.Nf3 e6 6.cxd4 d6 7.Nc3 Nxc3 8.bxc3 Qc7
9.Bd2 Nd7 10.exd6 Bxd6 11.Bd3 b6 12.O-O Bb7 13.h3 O-O 14.Re1 Bf4 15.Bxf4 Qxf4
16.Qd2 Qc7 17.Qe3 Nf6 18.c4 Bxf3 19.Qxf3 Rad8 20.Qe3 Rd7 21.Rad1 Rfd8 22.Rd2 g6
23.Be2 Ne8 24.g4 Nd6 25.Rc1 Nb7 26.f4 Na5 27.Bf1 Nc6 28.d5 Ne7 29.f5 Nxd5
30.cxd5 Qxc1 31.fxe6 fxe6 32.Qxe6+ Rf7 33.Rf2 Qc7 34.Bc4 Qg3+ 35.Rg2 Qd6
36.Bb3 Kg7 37.Qxd6 Rxd6 38.g5 b5 39.Rd2 a5 40.Kg2 Rf5 41.a3 Rxg5+ 42.Kf3 Kf6  0-1

[Event "XI Open A"]
[Site "Mislata ESP"]
[Date "2003.08.24"]
[Round "5"]
[White "Adell Corts,F"]
[Black "Castellanos,R"]
[Result "0-1"]
[WhiteElo "2213"]
[BlackElo "2489"]

1.e4 c5 2.c3 Nf6 3.e5 Nd5 4.d4 cxd4 5.cxd4 d6 6.exd6 e6 7.Nc3 Nxc3 8.bxc3 Bxd6
9.Bd3 Qc7 10.Bd2 Nd7 11.Qg4 O-O 12.Nf3 f5 13.Qh4 Rf6 14.c4 b6 15.O-O Bb7
16.d5 e5 17.Bg5 e4 18.Bxf6 Nxf6 19.Nd4 exd3 20.Nxf5 Bc8 21.Ne3 Bd7 22.h3 Re8
23.c5 Qxc5 24.Rac1 Qb4 25.Rc4 Qb2 26.Rd4 Qe2  0-1

[Event "15th Vidmar mem"]
[Site "Terme Zrece SLO"]
[Date "2003.08.25"]
[Round "8"]
[White "Pavasovic,D"]
[Black "Borisek,J"]
[Result "1-0"]
[WhiteElo "2596"]
[BlackElo "2443"]

1.e4 c5 2.c3 Nf6 3.e5 Nd5 4.d4 cxd4 5.cxd4 d6 6.Bc4 Nb6 7.Bb5+ Bd7 8.e6 Bxb5
9.Qh5 Qc8 10.Qxb5+ Kd8 11.Be3 fxe6 12.Nc3 Qc4 13.Qg5 Nc6 14.Nge2 Kd7 15.O-O Qd3
16.Rfd1 h6 17.Rxd3 hxg5 18.Bxg5 Rc8 19.Re1 e5 20.dxe5 Nxe5 21.Rdd1 Nf7 22.Be3 Ra8
23.Bxb6 axb6 24.Nf4 e5 25.Ng6 Rh6 26.Nxe5+ Nxe5 27.Rxe5 Be7 28.Rb5 Kc6 29.Rd4 Rh4
30.g4 Bf6 31.Rc4+ Kd7 32.Rxb6 Be5 33.Rxb7+ Ke6 34.h3 Rxh3 35.f4 Rg3+ 36.Kf2 Rxg4
37.Kf3 Kf5 38.Nd5  1-0

[Event "Acropolis Open"]
[Site "Athens GRE"]
[Date "2003.08.26"]
[Round "2"]
[White "Skiadopoulos,N"]
[Black "Petrov,Marij"]
[Result "0-1"]
[WhiteElo "2225"]
[BlackElo "2475"]

1.e4 c5 2.c3 Nf6 3.e5 Nd5 4.d4 cxd4 5.Nf3 e6 6.cxd4 d6 7.Be2 dxe5 8.dxe5 Bb4+
9.Bd2 O-O 10.O-O b6 11.Bxb4 Nxb4 12.Qb3 Nd5 13.Rd1 Qe7 14.Qa3 Bb7 15.Qxe7 Nxe7
16.Nc3 Ng6 17.Nb5 Nc6 18.Nd6 Rab8 19.Rac1 Ba8 20.Bb5 Ncxe5 21.Nxe5 Nxe5 22.f4 Ng4
23.Rc3 Bd5 24.Be2 Nf6 25.b3 a5 26.Rdc1 Rbd8 27.Nc8 Be4 28.Nxb6 Rd2 29.Bf1 Rxa2
30.Nc8 Nd5 31.Rc4 f5 32.Nd6 Ne3 33.Ra4 Rxa4 34.bxa4 Rd8 35.Re1 Rxd6 36.Rxe3 Rd2
37.g4 Kf7 38.h3 h6 39.gxf5 Bxf5 40.Re5 Rd5 41.Kf2 Bc2 42.Bb5 Rxe5 43.fxe5 Kg6
44.Ke3 Kf5 45.Kd4 g5 46.Be8 Bd1 47.Kc5 Kxe5 48.Kb6 Kf4 49.Kxa5 e5 50.Kb6 e4
51.a5 e3 52.a6 Bf3  0-1

[Event "European GP"]
[Site "Izmir TUR"]
[Date "2003.08.26"]
[Round "2"]
[White "Dogantug,I"]
[Black "Shanava,K"]
[Result "0-1"]
[WhiteElo "2148"]
[BlackElo "2415"]

1.e4 c5 2.c3 Nf6 3.e5 Nd5 4.d4 cxd4 5.Nf3 Nc6 6.Bc4 Nb6 7.Bb3 g6 8.cxd4 d5
9.exd6 Qxd6 10.O-O Bg7 11.d5 Na5 12.Ba4+ Bd7 13.Bxd7+ Qxd7 14.Nc3 O-O 15.Bg5 Bxc3
16.bxc3 f6 17.Bh6 Rfe8 18.Rb1 Nxd5 19.Qd3 Nb6 20.Qe4 Rad8 21.h4 Qd5 22.Qg4 Nc6
23.Be3 Nc4 24.Rxb7 Nd4 25.Qxd4 Nxe3 26.Qxd5+ Nxd5 27.c4 Nb6 28.c5 Rd7 29.Rxd7 Nxd7
30.c6 Nb8 31.Nd4 e5 32.Re1 Rc8 33.Nb5 Nxc6 34.Rc1 Ne7 35.Rd1 a6 36.Rd7 axb5
37.Rxe7 Rc1+ 38.Kh2 Rc2 39.Rb7 Rxf2 40.Rxb5 Rxa2 41.Rb7 h5 42.Kg3 Ra4 43.Kh3 Rd4
44.g3 Rd2 45.Rc7 Kf8 46.Rb7 e4 47.Rb4 f5 48.Rb7 Rf2  0-1

[Event "Open"]
[Site "Porto San Giorgo ITA"]
[Date "2003.08.26"]
[Round "6"]
[White "Delizia,C"]
[Black "Miladinovic,I"]
[Result "0-1"]
[WhiteElo "2219"]
[BlackElo "2609"]

1.e4 c5 2.c3 Nf6 3.e5 Nd5 4.d4 cxd4 5.Nf3 Nc6 6.Bc4 Nb6 7.Bb3 d6 8.exd6 Qxd6
9.O-O Be6 10.Bxe6 Qxe6 11.Nxd4 Nxd4 12.Qxd4 Rd8 13.Qh4 h5 14.h3 Qc4 15.Qg5 e6
16.Nd2 Qd5 17.Qxd5 Rxd5 18.c4 Rd3 19.b3 f6 20.Ne4 Be7 21.Be3 f5 22.Nd2 g5
23.Nf3 g4 24.Ne5 Rxe3 25.fxe3 Bf6 26.Ng6 Rh6 27.Nf4 Bxa1 28.Rxa1 Nd7 29.Ne2 h4
30.hxg4 fxg4 31.Rf1 Ke7 32.Rf4 Ne5 33.Re4 Rh5 34.Nf4 Rg5 35.Kf1 Kf6 36.Rd4 Rg8
37.Rd6 Re8 38.Ke2 Kf5 39.Nh5 Re7 40.Nf4 Nf7 41.Rd1 Kg5 42.Rd2 e5 43.Rd5 Kf5
44.Nd3 g3 45.Ne1 Kg4 46.Nf3 e4 47.Ng1 Ng5 48.Rd1 h3 49.Nxh3 Nxh3 50.gxh3+ Kxh3
51.Rh1+ Kg2 52.Rh4 Kg1 53.c5 g2 54.b4 Rf7 55.Rxe4 Kh2 56.Rg4 g1=Q 57.Rxg1 Kxg1
58.Kd3 Kf2 59.b5 Kf3 60.Kd4 Rd7+ 61.Kc4 Ke4 62.c6 bxc6 63.bxc6 Rc7 64.Kc5 Ke5  0-1